Treasures of the Iraq Museum /

محفوظ في:

المؤلف الرئيسي: Baṣmahʹjī, Faraj (مؤلف)

التنسيق: كتاب

اللغة: English
Arabic

منشور في: Baghdad, Iraq : Ministry of Information, Directorate General of Antiquities, 1975-1976.

الموضوعات:

الوسوم: إضافة وسم

لا توجد وسوم, كن أول من يضع وسما على هذه التسجيلة!

رقم الطلب: DS69 .B3 M36 1975

LEADER 00922namaa2200277 4500
001 20888
003 OSt
005 20260203131511.0
008 130303q19751976iq abe bc 000 0 eng d
040 |c ARCE Library 
041 1 |a eng  |h ara 
043 |a -iq---  
050 4 |a DS69 .B3 M36 1975 
100 1 |a Baṣmahʹjī, Faraj,   |e author  |9 26354 
240 1 0 |a Kunūz al-Matḥaf al-ʻIrāqī.  |l English 
245 1 0 |a Treasures of the Iraq Museum /  |c by Faraj Basmachi. 
264 1 |a Baghdad, Iraq :   |b Ministry of Information, Directorate General of Antiquities,   |c 1975-1976. 
300 |a 426 pages :  |b illustration, map, plans ;  |c 29 cm. 
500 |a Translated of : Kunūz al-Matḥaf al-ʻIrāqī. 
504 |a Bibliography : pages 413-422. 
610 2 0 |a Matḥaf al-ʻIrāqī  |v Catalogs. 
651 0 |a Iraq   |x Antiquities   |v Catalogs. 
651 0 |a Iraq   |x History. 
901 |a reviewed 
942 |c BK  |2 lcc 
999 |c 18440  |d 18440